000 00698nam a2200217 a 4500
001 000012728
005 20200929163048.0
008 091116s2002 pr 000 j spa d
020 _a1881715493
040 _aDO-SdBNP
_bspa
_cBNPHU
082 _aPR863.44
_bQ79b
100 1 _aQuiñones, Juan Carlos,
_d1972-
_929494
245 1 0 _aBrevario /
_cJuan Carlos Quiñones.
260 _aSan Juan, Puerto Rico :
_bIsla Negra,
_c2002.
300 _a91 p. ;
_c22 cm.
500 _aIncluye datos biográficos del autor en la solapa de la cubierta.
650 4 _aCuentos puertorriqueños
_9249
650 4 _aLiteratura puetorriqueña
_929495
910 _aValidado. Control de calidad MFF
049 _aBNGR
999 _c12379
_d12379